Online Catalogue and eLibrary

Yuddaye Padam 3 : (Record no. 5757)

MARC details
000 -LEADER
fixed length control field 00448nam a2200157Ia 4500
005 - DATE AND TIME OF LATEST TRANSACTION
control field 20250613012905.0
008 - FIXED-LENGTH DATA ELEMENTS--GENERAL INFORMATION
fixed length control field 240331s9999 xx 000 0 und d
020 ## - INTERNATIONAL STANDARD BOOK NUMBER
ISBN 9789550762064
082 ## - DDC Classification
Class No. 320
Item Number - Author Mark RIC
100 ## - MAIN ENTRY--PERSONAL NAME
Personal name Richardson, J
245 #0 - TITLE STATEMENT
Title Yuddaye Padam 3 :
Remainder of title Porondu Saha Balaporoththu
260 ## - PUBLICATION, DISTRIBUTION, ETC.
Place of publication, distribution, etc. Colombo
Name of publisher, distributor, etc. Social Scientists Society
Date of publication, distribution, etc. 2011
300 ## - PHYSICAL DESCRIPTION
Extent (e.g. Volumes, Pages etc.) 82 p .,
500 ## - GENERAL NOTE
General note A book About Lessons of War 3 - Promises and Hopes
942 ## - Koha item type (Biblio)
Koha item type Books in Stacks (Lending)
Holdings
Lost status Damaged status Collection code Home library Current library Shelving location Date acquired Accession Number Item type
    Lending WERC Library WERC Library Social Science Cupboard 03/31/2024 6700 Books in Stacks (Lending)

© WERC Library